The global politics of human rights: From human rights to human dignity? (Record no. 510467)

000 -LEADER
fixed length control field 01396nam a2200157 4500
008 - FIXED-LENGTH DATA ELEMENTS--GENERAL INFORMATION
fixed length control field 190818b ||||| |||| 00| 0 eng d
100 ## - MAIN ENTRY--PERSONAL NAME
Personal name Regilme, Salvador Santino F
245 ## - TITLE STATEMENT
Title The global politics of human rights: From human rights to human dignity?
260 ## - PUBLICATION, DISTRIBUTION, ETC. (IMPRINT)
Date of publication, distribution, etc 2019
300 ## - PHYSICAL DESCRIPTION
Extent p.279-290.
520 ## - SUMMARY, ETC.
Summary, etc This review essay highlights the limitations and possibilities of a global human rights order based on analysis of five recently published books about human rights. The main argument states that reform of the global human rights order requires not only a shift to a more emancipatory notion of human dignity but also an emphasis on global justice and material compensation within and between the Global North and Global South. Human dignity, in this essay, embraces all types of human rights claims, ranging from political rights to socio-economic rights, among many others. The essay proposes a three-pronged reform of international human rights: (1) a shift from Western human rights to the more inclusive and pluralist notion of human dignity; (2) the promotion of global justice by rewriting the rules of global economic governance; and (3) mandatory political education on human rights and human dignity. - Reproduced.
650 ## - SUBJECT ADDED ENTRY--TOPICAL TERM
Topical term or geographic name as entry element Human rights - United States
9 (RLIN) 8528
773 ## - HOST ITEM ENTRY
Main entry heading International Political Science Review
906 ## - LOCAL DATA ELEMENT F, LDF (RLIN)
Subject DIP Human rights
942 ## - ADDED ENTRY ELEMENTS (KOHA)
Source of classification or shelving scheme
Item type Articles
Holdings
Withdrawn status Lost status Source of classification or shelving scheme Damaged status Not for loan Permanent location Current location Date acquired Serial Enumeration / chronology Barcode Date last seen Koha item type
          Indian Institute of Public Administration Indian Institute of Public Administration 2019-08-18 40(2), Mar, 2019: p.279-290. AR120345 2019-08-18 Articles

Powered by Koha